[Event "FESTIVAL ACCADEMIA 200"]
[Site "?"]
[Date "2019.04.28"]
[Round "5"]
[White "ALBERTINI, LUCA."]
[Black "RAUSIS, IGORS."]
[Result "0-1"]
[WhiteElo "2151"]
[BlackElo "2653"]
[PlyCount "56"]

1. e4 d6 2. d4 Nf6 3. Nc3 g6 4. f3 c6 5. Be3 Nbd7 6. h4 b5 7. Nh3 Nb6 8. Kf2
Bg7 9. a3 O-O 10. Qd2 Qc7 11. Bh6 e5 12. Qg5 Bxh6 13. Qxh6 exd4 14. Ne2 Bxh3
15. Rxh3 d5 16. Qg5 Nbd7 17. Nxd4 dxe4 18. f4 h6 19. Qg3 Nh5 20. Qe3 Ndf6 21.
Kg1 Nxf4 22. Rg3 Kh7 23. Qc3 N6h5 24. Rg4 Qd7 25. Rxf4 Nxf4 26. Nxc6 Rac8 27.
Ne5 Qd6 28. Nxf7 Qb6+ 0-1

[Event "FESTIVAL ACCADEMIA 200"]
[Site "?"]
[Date "2019.04.28"]
[Round "5"]
[White "MARTINO, ENZO."]
[Black "BERNARDINI, TOMMASO."]
[Result "1-0"]
[WhiteElo "2137"]
[BlackElo "2044"]
[PlyCount "75"]

1. d4 Nf6 2. c4 g6 3. Nf3 d5 4. cxd5 Nxd5 5. e4 Nb6 6. Nc3 Bg7 7. h3 O-O 8. Be2
c5 9. dxc5 Bxc3+ 10. bxc3 Qxd1+ 11. Bxd1 N6d7 12. Ba3 Na6 13. c6 bxc6 14. Nd4
Bb7 15. Rb1 Nb6 16. f3 c5 17. Nb3 Nc4 18. Bc1 Nd6 19. Be2 Bc8 20. Be3 c4 21.
Na5 Be6 22. Nc6 Rfe8 23. Kf2 f6 24. Rhd1 Kf8 25. Bh6+ Kf7 26. Bf4 Rec8 27. Nxe7
Nxe4+ 28. fxe4 Kxe7 29. Rb7+ Ke8 30. Rxh7 Nc5 31. Ke3 Kf8 32. Bd6+ Kg8 33. Re7
Bf7 34. Bxc5 Rxc5 35. Rdd7 Rf8 36. Rxa7 f5 37. exf5 gxf5 38. Kf4 1-0

[Event "FESTIVAL ACCADEMIA 200"]
[Site "?"]
[Date "2019.04.28"]
[Round "5"]
[White "CENCI, FEDERICO."]
[Black "MARTA, DANIELE."]
[Result "1-0"]
[WhiteElo "2020"]
[BlackElo "1937"]
[PlyCount "83"]

1. e4 e6 2. d4 d5 3. Nc3 Bb4 4. a3 Bxc3+ 5. bxc3 dxe4 6. Qg4 Nf6 7. Qxg7 Rg8 8.
Qh6 b6 9. a4 Ba6 10. Bxa6 Nxa6 11. Ne2 c5 12. O-O c4 13. d5 Rg6 14. Qh3 Nxd5
15. Nf4 Qf6 16. Nxg6 hxg6 17. Bg5 Qg7 18. Rfe1 f5 19. Rxe4 fxe4 20. Qxe6+ Kf8
21. Qxd5 Re8 22. Bf4 Qf7 23. Bh6+ Kg8 24. Qd4 Kh7 25. Bg5 Nc7 26. Re1 Qd5 27.
Qe3 Qf5 28. Qd2 Rf8 29. h3 Rf7 30. Be3 Rd7 31. Qe2 Qd5 32. Qg4 Ne6 33. Qh4+ Kg8
34. Qg3 Kg7 35. Qh4 Kg8 36. Rb1 Rh7 37. Qg3 Rg7 38. Rb5 Qd1+ 39. Kh2 Kh7 40.
Qe5 Nc5 41. Bd4 Rg8 42. Qe7+ 1-0

[Event "FESTIVAL ACCADEMIA 200"]
[Site "?"]
[Date "2019.04.28"]
[Round "5"]
[White "VALENTI, GIUSEPPE."]
[Black "FOGLIA, MAURIZIO."]
[Result "0-1"]
[WhiteElo "2033"]
[BlackElo "1959"]
[PlyCount "74"]

1. e4 Nf6 2. e5 Nd5 3. Bc4 Nb6 4. Bb3 Nc6 5. d4 d5 6. c3 e6 7. a4 Ne7 8. Nf3 c5
9. a5 Nd7 10. Ng5 h6 11. Qh5 g6 12. Qh3 Nf5 13. g4 Ng7 14. Bc2 cxd4 15. cxd4
Be7 16. f4 Kf8 17. O-O Kg8 18. Nxf7 Kxf7 19. f5 Kg8 20. fxg6 Bg5 21. Qf3 Qe7
22. Nc3 b6 23. Nxd5 exd5 24. Qxd5+ Qe6 25. Qxa8 Nf8 26. Bf5 Nxf5 27. gxf5 Qd7
28. Qe4 Bb7 29. e6 Qc7 30. axb6 Qxb6 31. Qg4 Bf6 32. Be3 Qc6 33. Qh3 Nh7 34.
Rac1 Qe4 35. gxh7+ Rxh7 36. Kf2 Bh4+ 37. Ke2 Ba6+ 0-1

[Event "FESTIVAL ACCADEMIA 200"]
[Site "?"]
[Date "2019.04.28"]
[Round "5"]
[White "ARIGONI, BRUNO."]
[Black "PUGLIA, FRANCESCO."]
[Result "1-0"]
[WhiteElo "1964"]
[BlackElo "1854"]
[PlyCount "72"]
[SourceDate "2019.05.14"]

1. e4 c5 2. Nf3 d6 3. d4 cxd4 4. Nxd4 Nf6 5. Nc3 a6 6. a4 e5 7. Nb3 Be7 8. Be2
Qc7 9. a5 Nbd7 10. Be3 b5 11. axb6 Nxb6 12. Na5 O-O 13. O-O Bd7 14. f3 Rfc8 15.
Kh1 d5 16. exd5 Bb4 17. Bxb6 Qxb6 18. Nc4 Qb7 19. Ne4 Nxe4 20. fxe4 Bb5 21.
Nxe5 Re8 22. Bxb5 Rxe5 23. Bc6 Qb8 24. Bxa8 Qxa8 25. Qf3 f6 26. Ra4 a5 27. Rfa1
Qe8 28. Rxb4 axb4 29. d6 Rxe4 30. Qg3 Rd4 31. h3 Qd8 32. Ra7 g6 33. Ra6 Rd1+
34. Kh2 Rd4 35. Qb3+ Kh8 36. Qa4 Rxd6 1-0

[Event "FESTIVAL ACCADEMIA 200"]
[Site "?"]
[Date "2019.04.28"]
[Round "5"]
[White "COSTABILE, VINCENZO."]
[Black "CASTELLANO, LORENZO."]
[Result "1-0"]
[WhiteElo "1838"]
[BlackElo "1841"]
[PlyCount "115"]

1. e4 c5 2. Nf3 d6 3. d4 cxd4 4. Nxd4 Nf6 5. Nc3 a6 6. Bc4 e6 7. Bb3 Be7 8. O-O
O-O 9. Kh1 Bd7 10. f4 Qc7 11. f5 e5 12. Nf3 Bc6 13. Qe1 b5 14. Bg5 Nbd7 15. a3
Nb6 16. Qg3 Nxe4 17. Nxe4 Bxe4 18. f6 Bxf6 19. Bxf6 Bg6 20. h4 gxf6 21. h5 Kh8
22. hxg6 fxg6 23. Nh2 f5 24. Rf3 Qe7 25. Rc3 Rac8 26. Rd1 Rxc3 27. Qxc3 Rc8 28.
Qa5 Qc7 29. Qxa6 Qc5 30. Qa7 d5 31. Qf7 Nc4 32. Qf6+ Kg8 33. Qe6+ Kg7 34. Bxc4
dxc4 35. Rd7+ Kh6 36. Qf6 Qf2 37. Nf3 Qg3 38. Qg7+ Kh5 39. Qxh7+ Kg4 40. Qxg6+
Kf4 41. Qxg3+ Kxg3 42. Nxe5 Rh8+ 43. Kg1 Re8 44. Nf3 Re2 45. Rd2 Re3 46. Kf1 c3
47. bxc3 Rxc3 48. Nd4 Rc5 49. Rd3+ Kg4 50. Kf2 f4 51. c3 Rd5 52. Nf3 Rc5 53.
Nh2+ Kf5 54. Kf3 Rc4 55. Rd5+ Ke6 56. Rxb5 Rxc3+ 57. Kxf4 Rxa3 58. Nf3 1-0

[Event "FESTIVAL ACCADEMIA 200"]
[Site "?"]
[Date "2019.04.28"]
[Round "5"]
[White "ROBERTI, BRUNO."]
[Black "SCAGLIARINI, BRUNO."]
[Result "1-0"]
[WhiteElo "1850"]
[BlackElo "1852"]
[PlyCount "77"]

1. d4 e6 2. Nf3 Nf6 3. c4 c5 4. g3 d5 5. cxd5 exd5 6. Nc3 Be7 7. Bg2 Nc6 8. O-O
O-O 9. dxc5 Bxc5 10. Na4 Be7 11. Be3 Be6 12. Rc1 Rc8 13. Nc5 Bxc5 14. Bxc5 Re8
15. e3 b6 16. Bd4 Bg4 17. Qa4 Bxf3 18. Bxf3 Nxd4 19. Qxd4 Qd7 20. Rfd1 Qb5 21.
Rxc8 Rxc8 22. Bxd5 Kf8 23. Bb3 Qc5 24. Qf4 Qc7 25. Qxc7 Rxc7 26. Rd2 Ke7 27. f3
h6 28. Kf2 Nd7 29. f4 Nc5 30. Bc2 f6 31. Kf3 Nb7 32. Bf5 Nd6 33. Rc2 Rb7 34.
Bd3 Rd7 35. Ke2 f5 36. a4 Ke6 37. Ba6 Ke7 38. b4 Nb7 39. Bb5 1-0

[Event "FESTIVAL ACCADEMIA 200"]
[Site "?"]
[Date "2019.04.28"]
[Round "6"]
[White "RAUSIS, IGORS."]
[Black "CENCI, FEDERICO."]
[Result "1-0"]
[WhiteElo "2653"]
[BlackElo "2020"]
[PlyCount "87"]

1. e4 c5 2. c3 b6 3. d4 Bb7 4. Bd3 Nf6 5. Qe2 cxd4 6. cxd4 Nc6 7. Nf3 Nb4 8.
Nc3 Nxd3+ 9. Qxd3 g6 10. d5 d6 11. Bf4 Bg7 12. O-O O-O 13. Rac1 a5 14. Rfd1 Nd7
15. Qe3 Nc5 16. Bh6 Re8 17. Bxg7 Kxg7 18. Rb1 e6 19. dxe6 Rxe6 20. Nd4 Re5 21.
f3 Qf6 22. Ndb5 Rd8 23. Nc7 d5 24. N7xd5 Bxd5 25. Nxd5 Qe6 26. Nc3 Rxd1+ 27.
Rxd1 Qc6 28. Qd4 f6 29. Qd8 Re6 30. h4 Qe8 31. Qxe8 Rxe8 32. Rd6 Re6 33. Rxe6
Nxe6 34. Kf2 Nf4 35. Nd5 Nd3+ 36. Ke3 Nxb2 37. Nxb6 Nd1+ 38. Kd4 Kf7 39. Nc4 a4
40. Kd3 f5 41. Kd2 Nf2 42. exf5 gxf5 43. Nb6 a3 44. Nc4 1-0

[Event "FESTIVAL ACCADEMIA 200"]
[Site "?"]
[Date "2019.04.28"]
[Round "6"]
[White "MARTINO, ENZO."]
[Black "ALBERTINI, LUCA."]
[Result "1/2-1/2"]
[WhiteElo "2137"]
[BlackElo "2151"]
[PlyCount "108"]

1. Nf3 d5 2. d4 Nf6 3. c4 e6 4. g3 dxc4 5. Bg2 Bd7 6. Ne5 Bc6 7. Nxc6 Nxc6 8.
Qa4 Qd7 9. Qxc4 Nxd4 10. Bxb7 Rb8 11. Bg2 Bb4+ 12. Nd2 O-O 13. e3 Nf5 14. Bc6
Qd6 15. a3 Bc5 16. Be4 Nxe3 17. fxe3 Bxe3 18. Qd3 Qc5 19. Nc4 Bxc1 20. Rxc1
Rxb2 21. Nxb2 Qxc1+ 22. Nd1 Nxe4 23. Qxe4 Qxa3 24. O-O Qc5+ 25. Qe3 Qb6 26. Kg2
a5 27. Qf3 a4 28. Rf2 Qd6 29. Ra2 Qb4 30. Nc3 Rd8 31. Rxa4 Qb2+ 32. Kh3 h6 33.
Ra2 Qb3 34. Rf2 e5 35. Qc6 Qb6 36. Qxb6 cxb6 37. Rb2 Rd6 38. Na4 e4 39. Nxb6 f5
40. Kg2 Kf7 41. Nc4 Ra6 42. Ne3 Ke6 43. Kf2 g6 44. Nc2 Kf6 45. Rb5 Rc6 46. Nb4
Rc1 47. Nd5+ Kg5 48. Ne3 Ra1 49. h4+ Kh5 50. Kg2 Ra3 51. Nd5 g5 52. Ne7 Ra2+
53. Kf1 gxh4 54. gxh4 Kxh4 1/2-1/2

[Event "FESTIVAL ACCADEMIA 200"]
[Site "?"]
[Date "2019.04.28"]
[Round "6"]
[White "FOGLIA, MAURIZIO."]
[Black "BONAPOSTA, FABRIZIO."]
[Result "1/2-1/2"]
[WhiteElo "1959"]
[BlackElo "2046"]
[PlyCount "103"]

1. d4 Nf6 2. Bf4 e6 3. e3 d5 4. Nd2 c5 5. c3 Nc6 6. Ngf3 Bd6 7. Bg3 O-O 8. Ne5
Bxe5 9. dxe5 Nd7 10. f4 f6 11. exf6 Nxf6 12. Nf3 a6 13. Bd3 Qe7 14. O-O Bd7 15.
Bh4 e5 16. e4 d4 17. fxe5 Nxe5 18. Nxe5 Qxe5 19. Bg3 Qe7 20. cxd4 cxd4 21. e5
Nd5 22. Rxf8+ Rxf8 23. Be4 Qc5 24. Rc1 Ne3 25. Qd2 Qb6 26. h3 Be6 27. b3 g6 28.
Bf2 Kg7 29. Re1 Rd8 30. Bxe3 dxe3 31. Qxe3 Qxe3+ 32. Rxe3 Rd2 33. a3 b6 34. b4
Ra2 35. Rc3 Re2 36. Bb7 Rxe5 37. Bxa6 Bd5 38. Bf1 Re1 39. Kf2 Ra1 40. Rd3 Ra2+
41. Kg3 Be6 42. Kf3 Bf5 43. Rc3 h5 44. g4 Be6 45. gxh5 gxh5 46. Kf4 Kf6 47. Ke4
Ra1 48. Rf3+ Ke7 49. Kd4 Kd6 50. Rf6 Rd1+ 51. Kc3 Ke5 52. Rf8 1/2-1/2

[Event "FESTIVAL ACCADEMIA 200"]
[Site "?"]
[Date "2019.04.28"]
[Round "6"]
[White "TOSI, FRANCESCO."]
[Black "ARIGONI, BRUNO."]
[Result "1/2-1/2"]
[WhiteElo "1954"]
[BlackElo "1964"]
[PlyCount "63"]

1. d4 d5 2. Nf3 Nf6 3. Bf4 e6 4. e3 Nbd7 5. Nbd2 Bd6 6. Bg3 O-O 7. Bd3 b6 8.
Qe2 Bb7 9. Ne5 a6 10. O-O Ne4 11. f4 f6 12. Bh4 Qe8 13. Nxd7 Qxd7 14. Nf3 c5
15. c3 b5 16. Rac1 c4 17. Bb1 a5 18. Nd2 Rae8 19. Bxe4 dxe4 20. Rf2 Bd5 21. g4
Qc7 22. f5 e5 23. g5 fxg5 24. Bxg5 exd4 25. cxd4 Rf7 26. Kh1 Rc8 27. Qh5 Qd7
28. f6 g6 29. Qh4 b4 30. Bf4 Bxf4 31. Qxf4 c3 32. bxc3 1/2-1/2

[Event "FESTIVAL ACCADEMIA 200"]
[Site "?"]
[Date "2019.04.28"]
[Round "6"]
[White "MARTA, DANIELE."]
[Black "COSTABILE, VINCENZO."]
[Result "0-1"]
[WhiteElo "1937"]
[BlackElo "1838"]
[PlyCount "86"]
[EventDate "2019.??.??"]

1. Nf3 Nf6 2. c4 b6 3. g3 e6 4. Bg2 Bb7 5. O-O c5 6. b3 Be7 7. Bb2 O-O 8. d4
cxd4 9. Qxd4 Nc6 10. Qf4 Qb8 11. Qxb8 Raxb8 12. Nc3 Rfd8 13. Rfd1 Bc5 14. a3
Ng4 15. Ne4 Na5 16. Nxc5 bxc5 17. h3 Nf6 18. Be5 Rbc8 19. Bc3 Nc6 20. Ne5 d5
21. Nd3 Nd4 22. Bxd4 cxd4 23. c5 Ne4 24. b4 a5 25. Rdc1 Ba6 26. Rc2 f6 27. Rb2
Nc3 28. Kf1 e5 29. Ke1 Rb8 30. Kd2 Nxe2 31. b5 Rxb5 32. Rab1 Nc3 33. Rxb5 Bxb5
34. Rb2 Bxd3 35. Kxd3 Rc8 36. f4 Rxc5 37. fxe5 fxe5 38. Rf2 Rc7 39. Rf5 Re7 40.
h4 g6 41. Rf6 Kg7 42. Rd6 e4+ 43. Kxd4 Nb5+ 0-1

[Event "FESTIVAL ACCADEMIA 200"]
[Site "?"]
[Date "2019.04.28"]
[Round "6"]
[White "BERNARDINI, TOMMASO."]
[Black "VALENTI, GIUSEPPE."]
[Result "1-0"]
[WhiteElo "2044"]
[BlackElo "2033"]
[PlyCount "43"]
[EventDate "2019.??.??"]

1. e4 c5 2. Nc3 d6 3. f4 g6 4. Nf3 Bg7 5. Bb5+ Nd7 6. O-O a6 7. Bxd7+ Bxd7 8.
d3 Nf6 9. e5 dxe5 10. fxe5 Ng4 11. Bf4 Bc6 12. Qe2 O-O 13. Kh1 Qb8 14. Rae1 f6
15. Bg3 f5 16. Bf4 e6 17. h3 Qd8 18. hxg4 fxg4 19. Nh2 h5 20. Ne4 Rf5 21. Nd6
Rf8 22. Qe3 {IL RESTO NON E' COMPRENSIBILE} 1-0

[Event "FESTIVAL ACCADEMIA 200"]
[Site "?"]
[Date "2019.04.28"]
[Round "6"]
[White "PUGLIA, FRANCESCO."]
[Black "BRUNO, ROBERTI."]
[Result "1/2-1/2"]
[WhiteElo "1854"]
[BlackElo "1850"]
[PlyCount "80"]

1. g3 f5 2. Bg2 Nf6 3. d4 g6 4. c4 Bg7 5. Nc3 d6 6. Nh3 O-O 7. O-O Nc6 8. d5
Ne5 9. b3 Ne4 10. Nxe4 fxe4 11. Ng5 Nf3+ 12. exf3 Bxa1 13. fxe4 Bg7 14. h4 h6
15. Nh3 e5 16. f4 Qe7 17. h5 Bxh3 18. Bxh3 exf4 19. Be6+ Kh8 20. gxf4 Qh4 21.
hxg6 Qg3+ 22. Kh1 Qxg6 23. f5 Qg3 24. Qf3 Qxf3+ 25. Rxf3 Rae8 26. Bd2 Re7 27.
Kg2 Kh7 28. Rh3 b6 29. Kf3 a5 30. a4 Rf6 31. Bg5 Re8 32. Bxf6 Bxf6 33. Rg3 Rf8
34. Rg6 Bg7 35. Kg4 Rf6 36. Kh5 Rf8 37. Rg1 Bd4 38. Rg6 Bg7 39. Kg4 Rf6 40. Kh5
Rf8 1/2-1/2

[Event "FESTIVAL ACCADEMIA 200"]
[Site "?"]
[Date "2019.04.28"]
[Round "6"]
[White "SCAGLIARINI, BRUNO."]
[Black "MARINO, GIOVANNI."]
[Result "0-1"]
[WhiteElo "1852"]
[BlackElo "1998"]
[PlyCount "38"]

1. c4 e5 2. Nc3 Nc6 3. Nf3 Nf6 4. g3 d5 5. cxd5 Nxd5 6. Bg2 Nb6 7. O-O Be7 8.
a3 a5 9. d3 Be6 10. Be3 Nd5 11. Nxd5 Bxd5 12. Rc1 O-O 13. Bc5 f6 14. e3 b6 15.
Bxe7 Nxe7 16. Qc2 c5 17. Rfd1 a4 18. Qc3 Bb3 19. Rd2 Nd5 0-1

[Event "FESTIVAL ACCADEMIA 200"]
[Site "?"]
[Date "2019.04.29"]
[Round "7"]
[White "COSTABILE, VINCENZO."]
[Black "RAUSIS, IGORS."]
[Result "0-1"]
[WhiteElo "1838"]
[BlackElo "2653"]
[PlyCount "38"]

1. d4 g6 2. e4 Bg7 3. c4 d6 4. Nc3 Nf6 5. f3 O-O 6. Be3 c5 7. Nge2 Nc6 8. Qd2
a6 9. O-O-O Qa5 10. Kb1 e6 11. h4 b5 12. d5 Ne5 13. Nc1 b4 14. dxe6 bxc3 15.
Qxd6 Bxe6 16. Qxe5 Nxe4 17. Qxg7+ Kxg7 18. fxe4 Rab8 19. Nb3 c2+ 0-1

[Event "FESTIVAL ACCADEMIA 200"]
[Site "?"]
[Date "2019.04.29"]
[Round "7"]
[White "BONAPOSTA, FABRIZIO."]
[Black "MARTINO, ENZO."]
[Result "0-1"]
[WhiteElo "2046"]
[BlackElo "2137"]
[PlyCount "56"]

1. Nf3 Nf6 2. d4 g6 3. Nc3 Bg7 4. e4 d6 5. Be2 O-O 6. h3 a6 7. a4 Nc6 8. O-O e5
9. dxe5 dxe5 10. Bc4 h6 11. Be3 Qe7 12. Qe2 Be6 13. Rfd1 Qb4 14. Nd5 Bxd5 15.
exd5 e4 16. Nd4 Ne5 17. Bb3 Qe7 18. Qd2 Kh7 19. Ne2 Nh5 20. d6 Qh4 21. Qe1 Nf3+
22. gxf3 exf3 23. Ng3 Be5 24. Kh2 Nf6 25. Kg1 Qxh3 26. Qf1 Qh4 27. Qe1 Ng4 28.
Kf1 Qh3+ 0-1

[Event "FESTIVAL ACCADEMIA 200"]
[Site "?"]
[Date "2019.04.29"]
[Round "7"]
[White "ALBERTINI, LUCA."]
[Black "TOSI, FRANCESCO."]
[Result "1-0"]
[WhiteElo "2151"]
[BlackElo "1954"]
[PlyCount "205"]

1. e4 c5 2. Nf3 e6 3. c4 Nc6 4. Nc3 a6 5. Be2 g6 6. O-O Bg7 7. d3 Nd4 8. Bf4 d6
9. Qd2 e5 10. Be3 Ne7 11. Bh6 O-O 12. Rab1 b5 13. Bxg7 Kxg7 14. cxb5 Nxb5 15.
b4 cxb4 16. Rxb4 Qa5 17. Nxb5 axb5 18. d4 Nc6 19. Rb2 Qxd2 20. Rxd2 b4 21. Bb5
Bb7 22. Rb1 Nxd4 23. Nxd4 exd4 24. Rxb4 Bxe4 25. Rbxd4 Ra5 26. a4 Rb8 27. f3
Bf5 28. Rxd6 Rbxb5 29. axb5 Rxb5 30. Kf2 h5 31. Kg3 Rb4 32. R6d4 Rb7 33. Kf4
Be6 34. Ke5 Rb1 35. Rd1 Rb2 36. R4d2 Rb3 37. Kd6 Re3 38. Rd4 Re2 39. R1d2 Re1
40. Re4 Rh1 41. h3 Kf6 42. Rf4+ Kg7 43. Ke7 Ra1 44. Kd6 Ra7 45. Kc5 Ra5+ 46.
Kb4 Ra7 47. Kc3 Rc7+ 48. Kd3 Rd7+ 49. Ke3 Ra7 50. Rb2 Re7 51. Kf2 Ra7 52. Rfb4
Kf6 53. Rb6 Ra3 54. Re2 Rc3 55. g4 hxg4 56. hxg4 Rc7 57. Kg3 Rc3 58. Kf2 Ra3
59. Re3 Ra2+ 60. Kg3 Rc2 61. Kf4 Rc4+ 62. Re4 Rc3 63. Ra6 Rb3 64. Ra7 Rb6 65.
Kg3 Rc6 66. Rea4 Rc3 67. Rf4+ Kg7 68. Re7 Bd5 69. Rd7 Be6 70. Rd8 Rc5 71. Re8
Ra5 72. Rd4 Kf6 73. Rd3 Ra4 74. f4 Ra1 75. Rd6 Rg1+ 76. Kf3 Rf1+ 77. Ke3 Re1+
78. Kf2 Re4 79. Kf3 Re1 80. Rb6 Rf1+ 81. Ke3 Re1+ 82. Kf2 Re4 83. Kf3 Re1 84.
g5+ Kg7 85. Rbb8 Bd5+ 86. Kf2 Rxe8 87. Rxe8 f6 88. Re7+ Bf7 89. Ke3 fxg5 90.
fxg5 Kf8 91. Ra7 Be6 92. Kf4 Bb3 93. Ke5 Bc2 94. Kf6 Kg8 95. Rb7 Bf5 96. Rb8+
Kh7 97. Kf7 Be4 98. Rb2 Bf3 99. Rh2+ Bh5 100. Rh4 Kh8 101. Rxh5+ gxh5 102. g6
h4 103. g7+ 1-0

[Event "FESTIVAL ACCADEMIA 200"]
[Site "?"]
[Date "2019.04.29"]
[Round "7"]
[White "CENCI, FEDERICO."]
[Black "BERNARDINI, TOMMASO."]
[Result "1/2-1/2"]
[WhiteElo "2020"]
[BlackElo "2044"]
[PlyCount "40"]

1. e4 e6 2. d4 d5 3. Nc3 Nf6 4. e5 Nfd7 5. f4 c5 6. dxc5 Bxc5 7. Qg4 g6 8. Bd3
Nc6 9. a3 Qb6 10. Nf3 a6 11. h4 h5 12. Qh3 Bf2+ 13. Ke2 Nc5 14. Bd2 Nxd3 15.
cxd3 Bd4 16. b4 Bd7 17. Rab1 Ne7 18. Nxd4 Qxd4 19. Qe3 Qxe3+ 20. Bxe3 Nf5
1/2-1/2

[Event "FESTIVAL ACCADEMIA 200"]
[Site "?"]
[Date "2019.04.29"]
[Round "7"]
[White "ARIGONI, BRUNO."]
[Black "FOGLIA, MAURIZIO."]
[Result "1/2-1/2"]
[WhiteElo "1964"]
[BlackElo "1959"]
[PlyCount "82"]

1. e4 Nf6 2. e5 Nd5 3. d4 d6 4. exd6 cxd6 5. c4 Nb6 6. Bd3 Nc6 7. Ne2 e6 8.
Nbc3 Be7 9. Be3 O-O 10. b3 d5 11. c5 Nd7 12. Bb1 b6 13. cxb6 axb6 14. Qc2 Nf6
15. O-O Ba6 16. Rd1 Rc8 17. Qb2 Ng4 18. Bf4 Bd6 19. Bxd6 Qxd6 20. g3 f5 21. h3
Nf6 22. a3 Ne4 23. b4 Bc4 24. f4 g5 25. Bd3 Nxc3 26. Qxc3 Bxd3 27. Qxd3 gxf4
28. gxf4 Rf6 29. Kh2 Kh8 30. Rg1 Ne7 31. Rac1 Rxc1 32. Rxc1 Ng6 33. Qg3 Ne7 34.
Qd3 Rf8 35. Kg3 Rg8+ 36. Kf3 Ng6 37. Qb5 Qd8 38. Qc6 Qh4 39. Qxe6 Qxh3+ 40. Kf2
Qh4+ 41. Kf1 Qh3+ 1/2-1/2

[Event "FESTIVAL ACCADEMIA 200"]
[Site "?"]
[Date "2019.04.29"]
[Round "7"]
[White "MARINO, GIOVANNI."]
[Black "ROBERTI, BRUNO."]
[Result "1/2-1/2"]
[WhiteElo "1998"]
[BlackElo "1850"]
[PlyCount "43"]

1. Nf3 f5 2. d4 Nf6 3. g3 g6 4. Bg2 Bg7 5. O-O d6 6. b4 O-O 7. Bb2 Nc6 8. b5
Na5 9. Nbd2 c5 10. e3 c4 11. Qe2 Qc7 12. Bc3 d5 13. Ne5 e6 14. Rab1 Rd8 15. Rb4
Bd7 16. Nxd7 Nxd7 17. f3 e5 18. dxe5 Bxe5 19. Bxe5 Nxe5 20. f4 Ng4 21. h3 Nf6
22. c3 1/2-1/2

[Event "FESTIVAL ACCADEMIA 200"]
[Site "?"]
[Date "2019.04.29"]
[Round "7"]
[White "MARTA, DANIELE."]
[Black "PUGLIA, FRANCESCO."]
[Result "0-1"]
[WhiteElo "1937"]
[BlackElo "1854"]
[PlyCount "36"]

1. Nf3 c5 2. c4 Nc6 3. d4 cxd4 4. Nxd4 e5 5. Nb5 a6 6. Nd6+ Bxd6 7. Qxd6 Qf6 8.
Qxf6 Nxf6 9. Nc3 Nb4 10. Kd2 d5 11. a3 Nc6 12. Nxd5 Nxd5 13. cxd5 Nd4 14. Kd3
Bd7 15. Ke4 f6 16. d6 Bf5+ 17. Kd5 Nb3 18. e4 Bg6 0-1

[Event "FESTIVAL ACCADEMIA 200"]
[Site "?"]
[Date "2019.04.29"]
[Round "7"]
[White "CASTELLANO, LORENZO."]
[Black "SCAGLIARINI, BRUNO."]
[Result "1/2-1/2"]
[WhiteElo "1841"]
[BlackElo "1852"]
[PlyCount "55"]

1. e4 e6 2. d4 d5 3. exd5 exd5 4. c4 Nf6 5. Nc3 Be7 6. Bd3 Nc6 7. Nge2 O-O 8.
O-O Bg4 9. Be3 Nb4 10. Rc1 Nxd3 11. Qxd3 dxc4 12. Qxc4 Be6 13. Qb5 Bd6 14. h3
Rb8 15. Bg5 c6 16. Qd3 h6 17. Bh4 Be7 18. Rfe1 Qd7 19. Qf3 Rbd8 20. Rcd1 Rfe8
21. Bg3 Nd5 22. a3 Bg5 23. Ne4 Be7 24. Nc5 Bxc5 25. dxc5 Qe7 26. b4 Qg5 27. Bd6
Qg6 28. Kh2 1/2-1/2

[Event "FESTIVAL ACCADEMIA 200"]
[Site "?"]
[Date "2019.04.30"]
[Round "8"]
[White "BERNARDINI, TOMMASO."]
[Black "RAUSIS, IGORS."]
[Result "0-1"]
[WhiteElo "2044"]
[BlackElo "2653"]
[PlyCount "60"]

1. e4 c5 2. Nc3 g6 3. f4 Bg7 4. Nf3 Nc6 5. Bb5 Nd4 6. Bc4 e6 7. O-O Ne7 8. e5
d5 9. Bb5+ Nxb5 10. Nxb5 O-O 11. d4 Bd7 12. Nd6 cxd4 13. Re1 f6 14. Qxd4 fxe5
15. fxe5 Nc6 16. Qc3 Qb6+ 17. Qe3 Nxe5 18. Nxe5 Qxd6 19. Nxd7 Qxd7 20. c3 e5
21. Qc5 b6 22. Qb4 d4 23. Bd2 Qd5 24. cxd4 exd4 25. Qe7 Rf7 26. Qe4 Qxe4 27.
Rxe4 Rc8 28. Rae1 Rc2 29. Bb4 h5 30. R4e2 d3 0-1

[Event "FESTIVAL ACCADEMIA 200"]
[Site "?"]
[Date "2019.04.30"]
[Round "8"]
[White "FOGLIA, MAURIZIO."]
[Black "MARTINO, ENZO."]
[Result "0-1"]
[WhiteElo "1959"]
[BlackElo "2137"]
[PlyCount "82"]

1. d4 Nf6 2. Bg5 d5 3. Bxf6 exf6 4. e3 Bd6 5. g3 c6 6. Nd2 O-O 7. Bg2 Qb6 8. b3
Re8 9. Ne2 Bg4 10. Nf3 Nd7 11. O-O f5 12. h3 Bxf3 13. Bxf3 Nf6 14. c4 Qd8 15.
Qd3 Ne4 16. Rfd1 Qg5 17. h4 Qh6 18. Nf4 Rad8 19. cxd5 cxd5 20. Rac1 a6 21. b4
Bxf4 22. exf4 Qb6 23. Qb3 g6 24. a3 h6 25. Qd3 Rc8 26. Bxe4 fxe4 27. Qe3 Qe6
28. Rc5 b6 29. Rxc8 Rxc8 30. Rc1 Rc4 31. Rd1 Qg4 32. Re1 h5 33. Qd2 Qc8 34. Qe2
b5 35. Rd1 Rc3 36. a4 bxa4 37. Qa2 Qc6 38. Ra1 a3 39. f5 e3 40. fxg6 exf2+ 41.
Qxf2 Rc1+ 0-1

[Event "FESTIVAL ACCADEMIA 200"]
[Site "?"]
[Date "2019.04.30"]
[Round "8"]
[White "MARINO, GIOVANNI."]
[Black "ALBERTINI, LUCA."]
[Result "1-0"]
[WhiteElo "1998"]
[BlackElo "2151"]
[PlyCount "115"]

1. Nf3 d5 2. d4 Nf6 3. c4 e6 4. g3 dxc4 5. Qa4+ Bd7 6. Qxc4 Bc6 7. Bg2 Nbd7 8.
O-O Bd5 9. Qc2 c5 10. Nc3 Bc6 11. e4 Be7 12. Rd1 cxd4 13. Nxd4 e5 14. Nf5 O-O
15. Nd5 Bxd5 16. Nxe7+ Qxe7 17. exd5 Rac8 18. Qa4 a6 19. Bd2 Nc5 20. Qa3 Qd6
21. Rac1 Rfd8 22. Be3 Nce4 23. Qxd6 Nxd6 24. Bb6 Rxc1 25. Rxc1 Rc8 26. Rxc8+
Nxc8 27. Bc7 Nd7 28. d6 Ncb6 29. b4 Kf8 30. Bxb7 Ke8 31. Bxa6 Nd5 32. b5 N7b6
33. Bb7 Kd7 34. Bb8 Nc3 35. Bc6+ Kc8 36. Ba7 Nca4 37. Kf1 f5 38. Ke2 e4 39. h4
Nc4 40. Bd4 h5 41. d7+ Kc7 42. Bxg7 Nab6 43. f3 exf3+ 44. Bxf3 Kxd7 45. Bxh5
Nd6 46. Bg6 Nd5 47. a4 Ke6 48. Bd4 Ne7 49. Bh5 Kd5 50. Bf2 Ke5 51. Bf3 Nd5 52.
Bxd5 Kxd5 53. h5 Ne4 54. h6 Nf6 55. a5 Kd6 56. a6 Kc7 57. b6+ Kb8 58. Bd4 1-0

[Event "FESTIVAL ACCADEMIA 200"]
[Site "?"]
[Date "2019.04.30"]
[Round "8"]
[White "TOSI, FRANCESCO."]
[Black "CENCI, FEDERICO."]
[Result "0-1"]
[WhiteElo "1954"]
[BlackElo "2020"]
[PlyCount "62"]

1. d4 Nf6 2. Nf3 c5 3. c3 d5 4. g3 Nc6 5. Bg2 g6 6. O-O Bg7 7. dxc5 a5 8. a4
O-O 9. Nbd2 e5 10. Nb3 h6 11. h3 Be6 12. Be3 Qc7 13. Qc2 Bf5 14. Qc1 Kh7 15. g4
Bc8 16. Bxh6 Bxh6 17. g5 Nh5 18. gxh6 Nf4 19. Kh2 Nxe2 20. Qe3 Nf4 21. Rae1 f6
22. Qxf4 exf4 23. Re7+ Nxe7 24. Nfd4 Bd7 25. Nb5 Bc6 26. N3d4 Kxh6 27. b3 g5
28. Re1 Ng6 29. Nd6 Ne5 30. Bf1 Kg6 31. N4f5 Nf3+ 0-1

[Event "FESTIVAL ACCADEMIA 200"]
[Site "?"]
[Date "2019.04.30"]
[Round "8"]
[White "PUGLIA, FRANCESCO."]
[Black "BONAPOSTA, FABRIZIO."]
[Result "1/2-1/2"]
[WhiteElo "1854"]
[BlackElo "2046"]
[PlyCount "20"]

1. d4 d5 2. c4 c6 3. Nf3 Nf6 4. Nc3 Nbd7 5. e3 g6 6. h3 e6 7. g4 Bg7 8. Be2 O-O
9. b3 Re8 10. Bb2 Qe7 1/2-1/2

[Event "FESTIVAL ACCADEMIA 200"]
[Site "?"]
[Date "2019.04.30"]
[Round "8"]
[White "VALENTI, GIUSEPPE."]
[Black "ARIGONI, BRUNO."]
[Result "0-1"]
[WhiteElo "2033"]
[BlackElo "1964"]
[PlyCount "74"]

1. e4 e5 2. Nf3 Nc6 3. Bb5 Qf6 4. O-O Nge7 5. d3 h6 6. Nc3 a6 7. Bc4 d6 8. h3
g5 9. Nd5 Nxd5 10. exd5 Ne7 11. Nd2 Qg6 12. d4 g4 13. Bd3 f5 14. hxg4 Rg8 15.
dxe5 dxe5 16. g3 e4 17. gxf5 Bxf5 18. Be2 O-O-O 19. Bh5 Qg7 20. Qe2 e3 21. Qxe3
Nxd5 22. Qf3 Bh3 23. Bf7 Bg4 24. Qxd5 Rxd5 25. Bxd5 Rh8 26. Ne4 Be7 27. Bd2 Rd8
28. Bc3 Qg6 29. f3 Bf5 30. Rfd1 Bxe4 31. Bxe4 Qxg3+ 32. Kf1 Qh3+ 33. Ke2 Qh2+
34. Kf1 Rg8 35. Bf5+ Kb8 36. Bg4 h5 37. Rd2 Qh1+ 0-1

[Event "FESTIVAL ACCADEMIA 200"]
[Site "?"]
[Date "2019.04.30"]
[Round "8"]
[White "SCAGLIARINI, BRUNO."]
[Black "COSTABILE, VINCENZO."]
[Result "0-1"]
[WhiteElo "1852"]
[BlackElo "1838"]
[PlyCount "54"]

1. c4 Nf6 2. Nf3 e6 3. g3 b6 4. Bg2 Bb7 5. O-O c5 6. d4 cxd4 7. Qxd4 Bc5 8. Qf4
d5 9. Nc3 Nbd7 10. cxd5 Nxd5 11. Nxd5 Bxd5 12. e4 Bc4 13. Rd1 Be2 14. Rd2 Bxf3
15. Bxf3 Qb8 16. Qg4 Ne5 17. Qxg7 Nxf3+ 18. Kg2 Qe5 19. Qxe5 Nxe5 20. f4 Ng4
21. Rd3 Rd8 22. Rxd8+ Kxd8 23. Bd2 Ke7 24. Bc3 Rd8 25. h3 Ne3+ 26. Kf3 Rd1 27.
Rxd1 Nxd1 0-1